Nghiên cứu về đánh dấu văn bản chữ viết tay tiếng Việt với giải thuật Dynamic Time Warping : Luận văn Thạc sĩ Công nghệ thông tin. Chuyên ngành Hệ thống thông tin

Nghiên cứu lý thuyết về xử lý ảnh cũng như các thao tác chuẩn hóa và phân tách từ ngữ trên đối tượng ảnh số, tìm hiểu về các đặc trưng Word Profile và Projection Profile, cài đặt và sử dụng giải thuật Dynamic Time Warping, FastDTW, cận dưới...

Full beskrivning

Sparad:
Bibliografiska uppgifter
Huvudupphovsman: Ngô, Giang Thanh
Materialtyp: Bok
Språk:Undetermined
Publicerad: Cần Thơ Trường Đại học Cần Thơ 2017
Ämnen:
Taggar: Lägg till en tagg
Inga taggar, Lägg till första taggen!
Thư viện lưu trữ: Trung tâm Học liệu Trường Đại học Cần Thơ
LEADER 01210nam a2200193Ia 4500
001 CTU_225348
008 210402s9999 xx 000 0 und d
082 |a 006.425 
082 |b Th107 
100 |a Ngô, Giang Thanh 
245 0 |a Nghiên cứu về đánh dấu văn bản chữ viết tay tiếng Việt với giải thuật Dynamic Time Warping : 
245 0 |b Luận văn Thạc sĩ Công nghệ thông tin. Chuyên ngành Hệ thống thông tin 
245 0 |c Ngô Giang Thanh ; Lê Văn Lâm (Cán bộ hướng dẫn) 
260 |a Cần Thơ 
260 |b Trường Đại học Cần Thơ 
260 |c 2017 
520 |a Nghiên cứu lý thuyết về xử lý ảnh cũng như các thao tác chuẩn hóa và phân tách từ ngữ trên đối tượng ảnh số, tìm hiểu về các đặc trưng Word Profile và Projection Profile, cài đặt và sử dụng giải thuật Dynamic Time Warping, FastDTW, cận dưới Lemire. 
650 |a Pattern recognition systems,Hệ thống nhận diện mẫu 
980 |a Trung tâm Học liệu Trường Đại học Cần Thơ